[Event "EU-ch qual Online"]
[Site "Tornelo INT"]
[Date "2020.12.18"]
[Round "3"]
[White "Hirneise, Tobias"]
[Black "Nazaretyan, Tigran"]
[Result "0-1"]
[WhiteElo "2452"]
[BlackElo "2316"]
[PlyCount "144"]
[EventDate "2020.12.18"]
[EventType "swiss"]
[EventRounds "11"]
[EventCountry "POL"]
[SourceTitle "CBM 199 Extra"]
[Source "ChessBase"]
[SourceDate "2021.01.31"]
[SourceVersion "1"]
[SourceVersionDate "2021.01.31"]
[SourceQuality "1"]

1. d4 Nf6 2. c4 d6 3. Nc3 e5 4. Nf3 Nbd7 5. e4 c6 6. Be2 Be7 7. 0-0 0-0 8. d5 Nc5 9. Qc2 a5 10. Be3 Qc7 11. Nd2 Bd7 12. f3 Rfb8 13. Nb3 Nxb3 14. Qxb3 cxd5 15. cxd5 a4 16. Qb4 Nh5 17. Rfc1 Qd8 18. Bb6 Qf8 19. Nb5 Nf4 20. Bf1 Bxb5 21. Qxb5 a3 22. b4 Rc8 23. Be3 Bg5 24. Kf2 Qd8 25. Qxb7 Rab8 26. Rxc8 Rxc8 27. Bb6 Rc2+ 28. Kg1 Qf8 29. Bf2 h5 30. b5 f5 31. Re1 Rb2 32. b6 Rxa2 33. Qd7 fxe4 34. Rxe4 Rb2 35. Qa4 a2 36. Re1 Kh8 37. b7 Rxb7 38. Qxa2 h4 39. Qa4 Rb2 40. Qe4 Qf7 41. Rd1 g6 42. g3 hxg3 43. hxg3 Nh5 44. Bd3 Kg7 45. Kg2 Nf6 46. Qc4 Qxd5 47. Qxd5 Nxd5 48. Kg1 Be3 49. Bxe3 Nxe3 50. Re1 Nf5 51. Bxf5 gxf5 52. Rd1 Rb6 53. Kf2 Kf6 54. Ke3 Ke6 55. Rh1 Rb3+ 56. Ke2 Kd5 57. Rd1+ Kc5 58. Rc1+ Kb6 59. Kf2 d5 60. Ke2 e4 61. fxe4 fxe4 62. Rg1 d4 63. Kd2 Rb2+ 64. Kc1 Ra2 65. Kb1 Rf2 66. g4 e3 67. Kc1 d3 68. Kd1 Rd2+ 69. Ke1 Ra2 70. Kf1 Ra1+ 71. Kg2 Rxg1+ 72. Kxg1 d2 0-1

[Event "EU-ch qual Online"]
[Site "Tornelo INT"]
[Date "2020.12.18"]
[Round "2"]
[White "Kusa, Jakub"]
[Black "Hirneise, Tobias"]
[Result "1-0"]
[WhiteElo "2336"]
[BlackElo "2452"]
[PlyCount "71"]
[EventDate "2020.12.18"]
[EventType "swiss"]
[EventRounds "11"]
[EventCountry "POL"]
[SourceTitle "CBM 199 Extra"]
[Source "ChessBase"]
[SourceDate "2021.01.31"]
[SourceVersion "1"]
[SourceVersionDate "2021.01.31"]
[SourceQuality "1"]

1. e4 c5 2. Nf3 d6 3. Bb5+ Bd7 4. Bxd7+ Nxd7 5. 0-0 Ngf6 6. Re1 Ne5 7. Nxe5 dxe5 8. b3 e6 9. Bb2 Nd7 10. Na3 a6 11. Nc4 Qc7 12. a4 Be7 13. a5 0-0 14. d3 Rae8 15. Qh5 f6 16. Re3 Rf7 17. Rae1 Nb8 18. Rh3 g6 19. Qg4 Bf8 20. Ree3 Nc6 21. Bc3 Nd4 22. Bxd4 exd4 23. Reg3 Rg7 24. Rh6 f5 25. Qf3 Bd6 26. Nxd6 Qxd6 27. h4 Rf8 28. h5 e5 29. hxg6 hxg6 30. Rgh3 f4 31. Qg4 Kf7 32. Rh7 Rfg8 33. Rxg7+ Rxg7 34. Rh8 Qe6 35. Rf8+ Ke7 36. Re8+ 1-0

[Event "EU-ch qual Online"]
[Site "Tornelo INT"]
[Date "2020.12.18"]
[Round "9"]
[White "Stukan, Martin"]
[Black "Hirneise, Tobias"]
[Result "1-0"]
[WhiteElo "2342"]
[BlackElo "2452"]
[PlyCount "111"]
[EventDate "2020.12.18"]
[EventType "swiss"]
[EventRounds "11"]
[EventCountry "POL"]
[SourceTitle "CBM 199 Extra"]
[Source "ChessBase"]
[SourceDate "2021.01.31"]
[SourceVersion "1"]
[SourceVersionDate "2021.01.31"]
[SourceQuality "1"]

1. e4 c5 2. Nf3 d6 3. d4 cxd4 4. Nxd4 Nf6 5. Nc3 Nc6 6. Bg5 e6 7. Qd2 a6 8. 0-0-0 Bd7 9. f4 h6 10. Bh4 Nxe4 11. Qe1 Nf6 12. Nf5 Qa5 13. Nxd6+ Bxd6 14. Rxd6 Qc7 15. Qd2 0-0-0 16. Be2 Ne7 17. Rd1 Nf5 18. Bxf6 gxf6 19. Rd3 Bc6 20. g3 Rxd3 21. Qxd3 Rd8 22. Qxd8+ Qxd8 23. Rxd8+ Kxd8 24. Kd2 Nd4 25. Bh5 Ke7 26. Ne2 Nb5 27. b3 Nd6 28. Ke3 Nf5+ 29. Kd3 e5 30. c4 Bg2 31. Bg4 Nd6 32. Ke3 b6 33. Nc3 Bc6 34. Bh3 a5 35. Bg4 Kd8 36. Bf3 Nf5+ 37. Kf2 Kc7 38. Bxc6 Kxc6 39. Nd5 Kc5 40. Nxf6 exf4 41. gxf4 Nd4 42. Nd5 b5 43. Ne3 b4 44. h4 h5 45. Nd5 a4 46. bxa4 Kxc4 47. Nf6 Ne6 48. Ke3 Nc5 49. Nxh5 Nxa4 50. Ng3 Nc3 51. h5 Nxa2 52. h6 b3 53. h7 b2 54. Nf1 Nc3 55. Nd2+ Kb4 56. h8Q 1-0

[Event "Riga Tech op-A"]
[Site "Riga"]
[Date "2019.08.06"]
[Round "2"]
[White "Ramsdal, Jens Albert"]
[Black "Hirneise, Tobias"]
[Result "1/2-1/2"]
[WhiteElo "2293"]
[BlackElo "2459"]
[PlyCount "123"]
[EventDate "2019.08.05"]
[EventType "swiss"]
[EventRounds "9"]
[EventCountry "LAT"]
[SourceTitle "CBM 191 Extra"]
[Source "ChessBase"]
[SourceDate "2019.09.30"]
[SourceVersion "1"]
[SourceVersionDate "2019.09.30"]
[SourceQuality "1"]

1. d4 Nf6 2. Nf3 e6 3. Nbd2 c5 4. e3 b6 5. b3 Bb7 6. Bb2 Nc6 7. Bd3 d5 8. 0-0 cxd4 9. exd4 Bd6 10. Ne5 0-0 11. f4 Rc8 12. c3 Ne7 13. Qe2 Ng6 14. Rf3 Qe7 15. Raf1 Rc7 16. Rh3 Rfc8 17. Bb1 a6 18. Re3 Re8 19. Qf3 b5 20. b4 Qd8 21. Qh3 Bxe5 22. fxe5 Ne4 23. Nxe4 dxe4 24. Qg4 Bd5 25. a3 Bc4 26. Rfe1 Bd3 27. Bxd3 exd3 28. Rxd3 Qd5 29. h4 h5 30. Qg5 Qb3 31. Rd2 Ne7 32. Qxh5 Rxc3 33. Bxc3 Qxc3 34. Qg5 Qxa3 35. h5 Qxb4 36. h6 Ng6 37. hxg7 Kxg7 38. Rf1 Kg8 39. Rd3 Qc4 40. Rff3 b4 41. Qh6 Rc8 42. Kh2 Qc1 43. Rde3 Rc3 44. Qg5 Rxe3 45. Rxe3 Qc7 46. Rg3 Qd7 47. Qd2 a5 48. Rd3 Qd5 49. Re3 Kg7 50. Re1 Kg8 51. Rc1 Qe4 52. Ra1 b3 53. g3 Qb7 54. Qxa5 Kg7 55. Qd2 Qf3 56. Rb1 Ne7 57. Rb2 Nd5 58. Qg5+ Kf8 59. Qd8+ Kg7 60. Qg5+ Kf8 61. Qd8+ Kg7 62. Qg5+ 1/2-1/2

[Event "BL2-Sued 1819"]
[Site "Germany"]
[Date "2019.02.24"]
[Round "8.5"]
[White "Trussevich, Sergey"]
[Black "Hirneise, Tobias"]
[Result "1-0"]
[WhiteElo "2287"]
[BlackElo "2460"]
[PlyCount "51"]
[EventDate "2018.11.10"]
[EventType "team-tourn"]
[EventRounds "10"]
[EventCountry "GER"]
[SourceTitle "CBM 190 Extra"]
[Source "ChessBase"]
[SourceDate "2019.07.15"]
[SourceVersion "1"]
[SourceVersionDate "2019.07.15"]
[SourceQuality "1"]
[WhiteTeam "Jedesheim"]
[BlackTeam "Schoenaich"]
[WhiteTeamCountry "GER"]
[BlackTeamCountry "GER"]

1. Nf3 d5 2. e3 c5 3. b3 a6 4. Bb2 Nc6 5. d4 Nf6 6. a3 cxd4 7. Nxd4 Qc7 8. Nd2 e5 9. Nxc6 bxc6 10. c4 Bd6 11. Qc2 Bb7 12. c5 Be7 13. b4 0-0 14. Nb3 Bc8 15. h3 Be6 16. Bd3 Rfe8 17. Na5 h5 18. Qa4 Bd7 19. 0-0-0 h4 20. Rhg1 Rec8 21. g3 hxg3 22. Rxg3 Nh5 23. Rg2 e4 24. Be2 Bf6 25. Qc2 Bxh3 26. Rgg1 1-0

[Event "Wch Blitz"]
[Site "St Petersburg"]
[Date "2018.12.29"]
[Round "4"]
[White "Hirneise, Tobias"]
[Black "Gasanov, Eldar"]
[Result "1/2-1/2"]
[WhiteElo "2464"]
[BlackElo "2499"]
[PlyCount "132"]
[EventDate "2018.12.29"]
[EventType "swiss (blitz)"]
[EventRounds "21"]
[EventCountry "RUS"]
[SourceTitle "CBM 187 Extra"]
[Source "ChessBase"]
[SourceDate "2018.11.04"]
[SourceVersion "1"]
[SourceVersionDate "2018.11.04"]
[SourceQuality "1"]

1. e4 e5 2. Nf3 Nc6 3. Bb5 g6 4. c3 a6 5. Bc4 d6 6. d4 Bg7 7. Bg5 Nge7 8. dxe5 dxe5 9. Nbd2 h6 10. Be3 0-0 11. Qc2 b5 12. Be2 Be6 13. h3 Nc8 14. Nb3 Nd6 15. Nc5 Bc8 16. a4 b4 17. 0-0 Qe7 18. cxb4 Nxb4 19. Qd2 a5 20. Bxh6 Rb8 21. Bxg7 Kxg7 22. b3 f6 23. Rac1 g5 24. Nh2 Nc6 25. Nf3 Rb4 26. Qe3 Rh8 27. Rfd1 g4 28. hxg4 Bxg4 29. Na6 Rxe4 30. Qd2 Nd4 31. Nxd4 Rxd4 32. Rxc7 Qxc7 33. Nxc7 Rxd2 34. Rxd2 Ne4 35. Rc2 Bf5 36. Nd5 Be6 37. Rc7+ Kg6 38. Ne3 Bxb3 39. Bd3 f5 40. f3 Ng3 41. Kf2 Nh1+ 42. Ke2 Ng3+ 43. Kf2 Rd8 44. Rc3 Bxa4 45. Kxg3 Bd7 46. Kf2 a4 47. g4 Ra8 48. Bxf5+ Bxf5 49. Nxf5 a3 50. Rc1 a2 51. Ra1 Kg5 52. Kg3 Ra3 53. Nd6 Ra4 54. Ne4+ Kg6 55. Nc3 Ra3 56. Ne4 Ra4 57. Kf2 Ra3 58. Ke2 Kg7 59. Nd2 Kg6 60. Kd1 Kg5 61. Kc2 Kf4 62. Kb2 Rd3 63. Kc2 Ra3 64. Kb2 Rd3 65. Kc2 Ra3 66. Kb2 Rd3 1/2-1/2

[Event "Wch Blitz"]
[Site "St Petersburg"]
[Date "2018.12.29"]
[Round "11"]
[White "Hirneise, Tobias"]
[Black "Zaitsev, Alexander"]
[Result "0-1"]
[WhiteElo "2464"]
[BlackElo "2473"]
[PlyCount "90"]
[EventDate "2018.12.29"]
[EventType "swiss (blitz)"]
[EventRounds "21"]
[EventCountry "RUS"]
[SourceTitle "CBM 187 Extra"]
[Source "ChessBase"]
[SourceDate "2018.11.04"]
[SourceVersion "1"]
[SourceVersionDate "2018.11.04"]
[SourceQuality "1"]

1. e4 e6 2. d4 d5 3. Nc3 Bb4 4. e5 Ne7 5. a3 Bxc3+ 6. bxc3 b6 7. Qg4 Ng6 8. h4 h5 9. Qg3 Ba6 10. Bxa6 Nxa6 11. Bg5 Qd7 12. Ne2 Qa4 13. Qd3 c5 14. 0-0 Rc8 15. f4 Qc4 16. Qxc4 dxc4 17. a4 Ne7 18. Ng3 Nd5 19. Ne4 cxd4 20. Nd6+ Kd7 21. Nxc8 Rxc8 22. f5 Nxc3 23. fxe6+ Kxe6 24. a5 b5 25. Bf6 gxf6 26. Rxf6+ Kxe5 27. Rxa6 d3 28. cxd3 cxd3 29. Rxa7 d2 30. Rd7 Nd5 31. Rxf7 Rc1+ 32. Rf1 Rxa1 33. Rxa1 Ke4 34. Kf2 Kd3 35. a6 b4 36. a7 Nb6 37. g4 b3 38. a8Q Nxa8 39. Rxa8 b2 40. Rd8+ Kc2 41. Rc8+ Kd3 42. Rd8+ Ke4 43. Re8+ Kf4 44. Ke2 b1Q 45. Kxd2 Kxg4 0-1

[Event "Legnica Voivoda Cup 34th"]
[Site "Legnica"]
[Date "2018.11.22"]
[Round "1"]
[White "Nasuta, Grzegorz"]
[Black "Hirneise, Tobias"]
[Result "1/2-1/2"]
[WhiteElo "2520"]
[BlackElo "2472"]
[PlyCount "159"]
[EventDate "2018.11.22"]
[EventType "tourn"]
[EventRounds "9"]
[EventCountry "POL"]
[EventCategory "9"]
[SourceTitle "CBM 187 Extra"]
[Source "ChessBase"]
[SourceDate "2018.11.04"]
[SourceVersion "1"]
[SourceVersionDate "2018.11.04"]
[SourceQuality "1"]

1. e4 c6 2. d4 d5 3. Nc3 dxe4 4. Nxe4 Nf6 5. Nxf6+ exf6 6. c3 Bd6 7. Bd3 0-0 8. Qc2 Re8+ 9. Ne2 h5 10. 0-0 Qc7 11. h3 h4 12. Bd2 Nd7 13. Rae1 Nf8 14. Kh1 Bd7 15. Ng1 Rad8 16. Nf3 Qc8 17. Nxh4 Bxh3 18. Nf5 Bxf5 19. Bxf5 Qc7 20. Rxe8 Rxe8 21. Re1 Rxe1+ 22. Bxe1 g6 23. Bh3 Qe7 24. Qd1 f5 25. g3 f4 26. Bg4 Qg5 27. Kh2 Nh7 28. Qe2 Nf6 29. Bf3 Kg7 30. Kg2 fxg3 31. fxg3 Nd5 32. Bxd5 Qxd5+ 33. Kh2 Qxa2 34. c4 Qb3 35. Bc3 Kf8 36. Qg4 Qxc4 37. Qc8+ Ke7 38. Qxb7+ Ke6 39. Qc8+ Ke7 40. Qb7+ Ke6 41. Kg1 Qd5 42. Qc8+ Ke7 43. Qg4 Qe6 44. Qf3 Kd7 45. Qf2 Qd5 46. Kh2 Kc7 47. Bd2 Kb6 48. Bf4 Bb4 49. Be5 a5 50. Qc2 Qf3 51. Qc4 f6 52. Bb8 Qh5+ 53. Kg1 Kb7 54. Bf4 Qd5 55. Qd3 g5 56. Be3 Bd6 57. Bf2 f5 58. Qe3 f4 59. gxf4 gxf4 60. Qh3 Bc7 61. Qg4 Qe4 62. Qd1 Qd5 63. Qg4 Qb3 64. Qe2 f3 65. Qe3 a4 66. Qxb3+ axb3 67. Be1 Bb6 68. Bc3 c5 69. Kf2 cxd4 70. Bd2 Kc6 71. Kxf3 Kd5 72. Ke2 Ke4 73. Kd1 Kd3 74. Bg5 Bc5 75. Bf6 Bd6 76. Bxd4 Kxd4 77. Kc1 Kd3 78. Kb1 Kd2 79. Ka1 Ba3 80. Kb1 1/2-1/2

[Event "BL2-Sued 1819"]
[Site "Germany"]
[Date "2018.11.10"]
[Round "1.4"]
[White "Baskin, Robert"]
[Black "Hirneise, Tobias"]
[Result "1/2-1/2"]
[WhiteElo "2364"]
[BlackElo "2460"]
[PlyCount "52"]
[EventDate "2018.11.10"]
[EventType "team-tourn"]
[EventRounds "10"]
[EventCountry "GER"]
[SourceTitle "CBM 190 Extra"]
[Source "ChessBase"]
[SourceDate "2019.07.15"]
[SourceVersion "1"]
[SourceVersionDate "2019.07.15"]
[SourceQuality "1"]
[WhiteTeam "Griesheim"]
[BlackTeam "Schoenaich"]
[WhiteTeamCountry "GER"]
[BlackTeamCountry "GER"]

1. d4 Nf6 2. Nf3 e6 3. c4 b6 4. g3 Bb7 5. Bg2 Bb4+ 6. Nbd2 0-0 7. 0-0 a5 8. Nb1 Be7 9. d5 exd5 10. Nh4 Ne4 11. cxd5 Bxh4 12. Bxe4 Bf6 13. Nc3 d6 14. Qc2 g6 15. Bh6 Re8 16. Bg2 Nd7 17. Rac1 Nc5 18. Ne4 Nxe4 19. Bxe4 Re7 20. Bg2 Ba6 21. Rfe1 Qd7 22. e4 Rae8 23. Bd2 Bb5 24. h3 Bd4 25. Bc3 Bxc3 26. Qxc3 f5 1/2-1/2

[Event "Valjevo Manojlovic Memorial"]
[Site "Valjevo"]
[Date "2018.08.12"]
[Round "9"]
[White "Radovanovic, Nikola"]
[Black "Hirneise, Tobias"]
[Result "0-1"]
[WhiteElo "2435"]
[BlackElo "2465"]
[PlyCount "112"]
[EventDate "2018.08.06"]
[EventType "tourn"]
[EventRounds "9"]
[EventCountry "SRB"]
[EventCategory "7"]
[SourceTitle "CBM 186 Extra"]
[Source "ChessBase"]
[SourceDate "2018.08.24"]
[SourceVersion "1"]
[SourceVersionDate "2018.08.24"]
[SourceQuality "1"]

1. d4 Nf6 2. Nf3 e6 3. Bf4 c5 4. e3 Be7 5. h3 0-0 6. Nbd2 b6 7. c3 Ba6 8. Bxa6 Nxa6 9. 0-0 Qc8 10. Qe2 Qb7 11. e4 cxd4 12. Nxd4 d6 13. Bg3 Nc5 14. Rfe1 Rac8 15. a4 d5 16. exd5 Nxd5 17. N2f3 a6 18. Ne5 Bf6 19. Nc4 Rcd8 20. Ne5 Bxe5 21. Bxe5 f6 22. Bg3 e5 23. Nc2 Rd7 24. Red1 Rfd8 25. f3 Ne6 26. Qc4 b5 27. axb5 axb5 28. Qa2 Kf7 29. Qa6 Qxa6 30. Rxa6 Ndf4 31. Rxd7+ Rxd7 32. Be1 Rd1 33. Ra7+ Ke8 34. Kf1 Rb1 35. b4 Nxg2 36. Kxg2 Rb2 37. Rb7 Rxc2+ 38. Kf1 Nf4 39. Rxb5 Rc1 40. Rb8+ Kd7 41. Rb7+ Kc6 42. Rxg7 Nd3 43. Ke2 Nxe1 44. Rxh7 Ng2 45. Rh6 Rxc3 46. Rxf6+ Kd5 47. Kf2 Nf4 48. h4 Rc2+ 49. Kg1 Rb2 50. Rb6 Rg2+ 51. Kf1 Rh2 52. Rh6 Kd4 53. Kg1 Rg2+ 54. Kh1 Rg3 55. b5 Rxf3 56. b6 Rb3 0-1

[Event "Valjevo Manojlovic Memorial"]
[Site "Valjevo"]
[Date "2018.08.09"]
[Round "5"]
[White "Hirneise, Tobias"]
[Black "Radovanovic, Mihajlo"]
[Result "1-0"]
[WhiteElo "2465"]
[BlackElo "2408"]
[PlyCount "145"]
[EventDate "2018.08.06"]
[EventType "tourn"]
[EventRounds "9"]
[EventCountry "SRB"]
[EventCategory "7"]
[SourceTitle "CBM 186 Extra"]
[Source "ChessBase"]
[SourceDate "2018.08.24"]
[SourceVersion "1"]
[SourceVersionDate "2018.08.24"]
[SourceQuality "1"]

1. d4 Nf6 2. c4 g6 3. g3 Bg7 4. Bg2 0-0 5. Nc3 d6 6. Nf3 Nc6 7. 0-0 Bf5 8. d5 Na5 9. Nd2 c5 10. e4 Bd7 11. Qc2 a6 12. b3 b5 13. Bb2 Rb8 14. Rab1 e5 15. Ne2 h5 16. h3 h4 17. g4 Nh7 18. f4 Qe7 19. Bc3 b4 20. Bb2 Nb7 21. Nf3 Rbe8 22. Rbe1 a5 23. fxe5 dxe5 24. Nc1 Ng5 25. Nxg5 Qxg5 26. Nd3 Qe7 27. Qf2 Rc8 28. a4 g5 29. Bc1 f6 30. Be3 Qd6 31. Rd1 Rc7 32. Rd2 Bc8 33. Rfd1 Rff7 34. Bf3 Bf8 35. Kh1 Rh7 36. Ne1 Nd8 37. Qe2 Rhg7 38. Bf2 Rh7 39. Ng2 Nf7 40. Ne3 Kh8 41. Rg1 Be7 42. Nf5 Bxf5 43. gxf5 Bd8 44. Bh5 Rh6 45. Qg4 Rh7 46. Be1 Nh6 47. Qf3 Ng8 48. Rdg2 Rcg7 49. Bxh4 Rxh5 50. Qxh5+ Rh7 51. Qg4 Nh6 52. Qf3 gxh4 53. Qe3 Qf8 54. d6 Nf7 55. Qxc5 Ng5 56. Qd5 Qe8 57. c5 Qh5 58. Qd3 Qe8 59. Qd5 Qh5 60. Rg4 Rg7 61. c6 Nxh3 62. Qg8+ Rxg8 63. Rxg8+ Kh7 64. R1g7+ Kh6 65. Rg6+ Kh7 66. R6g7+ Kh6 67. Rh8+ Kxg7 68. Rxh5 Nf2+ 69. Kg2 Nxe4 70. c7 Bxc7 71. dxc7 Nd6 72. Rxh4 Kg8 73. Rh1 1-0

[Event "Valjevo Manojlovic Memorial"]
[Site "Valjevo"]
[Date "2018.08.06"]
[Round "1"]
[White "Hirneise, Tobias"]
[Black "Pikula, Dejan"]
[Result "1/2-1/2"]
[WhiteElo "2465"]
[BlackElo "2466"]
[PlyCount "157"]
[EventDate "2018.08.06"]
[EventType "tourn"]
[EventRounds "9"]
[EventCountry "SRB"]
[EventCategory "7"]
[SourceTitle "CBM 186 Extra"]
[Source "ChessBase"]
[SourceDate "2018.08.24"]
[SourceVersion "1"]
[SourceVersionDate "2018.08.24"]
[SourceQuality "1"]

1. e4 d6 2. d4 Nf6 3. Nc3 e5 4. Nf3 Nbd7 5. Bc4 Be7 6. a4 0-0 7. 0-0 c6 8. Re1 h6 9. h3 Re8 10. Be3 exd4 11. Bxd4 Bf8 12. e5 dxe5 13. Nxe5 Nxe5 14. Bxe5 Be6 15. Qxd8 Raxd8 16. Bxf6 gxf6 17. Bd3 a5 18. Ne4 Be7 19. Ng3 Rd4 20. Bf5 Bd8 21. Bxe6 Rxe6 22. Kf1 Bc7 23. Nf5 Rd2 24. Rad1 Ree2 25. Rxd2 Rxd2 26. Re2 Rd1+ 27. Re1 Rd2 28. Re7 Bb6 29. Nxh6+ Kg7 30. Nf5+ Kg6 31. Ne3 Bxe3 32. fxe3 b5 33. Rc7 Rxc2 34. axb5 Rxb2 35. bxc6 Rc2 36. Rc8 a4 37. c7 Kg7 38. Ra8 Rxc7 39. Rxa4 Rc2 40. Rg4+ Kh6 41. Kg1 Re2 42. Rg3 Ra2 43. Kh2 Ra4 44. Rf3 Kg5 45. Kg3 Ra3 46. e4 Ra4 47. Rf5+ Kg6 48. Rf4 Ra3+ 49. Kh4 Kg7 50. Kg4 Ra2 51. g3 Ra3 52. Rf2 Kg6 53. Rf5 Re3 54. Kf4 Re1 55. h4 Rf1+ 56. Kg4 Re1 57. Rf4 Ra1 58. Rf3 Ra5 59. Kf4 f5 60. exf5+ Rxf5+ 61. Kg4 Ra5 62. Rf4 Rb5 63. Rc4 Ra5 64. Kf4 Rf5+ 65. Kg4 Ra5 66. h5+ Kh6 67. Rc6+ Kh7 68. h6 Re5 69. Rf6 Re6 70. Kf5 Re3 71. Kf4 Re6 72. Kg5 Re5+ 73. Kh4 Re6 74. Rxe6 fxe6 75. Kg5 e5 76. Kf5 Kxh6 77. g4 e4 78. g5+ Kg7 79. Kxe4 1/2-1/2

[Event "Veliko Gradiste Silver Lake op"]
[Site "Veliko Gradiste"]
[Date "2018.06.23"]
[Round "8"]
[White "Hirneise, Tobias"]
[Black "Dudukovic, Nikola"]
[Result "1-0"]
[WhiteElo "2461"]
[BlackElo "2385"]
[PlyCount "83"]
[EventDate "2018.06.17"]
[EventType "swiss"]
[EventRounds "9"]
[EventCountry "SRB"]
[SourceTitle "CBM 185 Extra"]
[Source "ChessBase"]
[SourceDate "2018.07.29"]
[SourceVersion "1"]
[SourceVersionDate "2018.07.29"]
[SourceQuality "1"]

1. e4 e5 2. Nf3 Nc6 3. Bb5 a6 4. Ba4 Nf6 5. 0-0 Be7 6. d3 b5 7. Bb3 d6 8. c3 0-0 9. Re1 Na5 10. Bc2 c5 11. Nbd2 Nc6 12. h3 Re8 13. Nf1 Bf8 14. Ne3 g6 15. Nh2 Be6 16. Qf3 Bg7 17. Nhg4 Ra7 18. Bb3 Na5 19. Nxf6+ Qxf6 20. Qxf6 Bxf6 21. Bd5 Rc8 22. a4 bxa4 23. Rxa4 Bd8 24. Bd2 Rb8 25. b4 Nb3 26. Bxb3 Bxb3 27. Ra3 Be6 28. Rea1 cxb4 29. cxb4 Rba8 30. Nc4 Bxc4 31. dxc4 Bb6 32. b5 axb5 33. Rxa7 Bxa7 34. Be3 bxc4 35. Rxa7 Rxa7 36. Bxa7 f5 37. Bb8 Kf7 38. Bxd6 Ke6 39. Bb4 fxe4 40. Kf1 Kd5 41. Ke2 Kd4 42. Kd2 1-0

[Event "Karlsruhe Grenke op"]
[Site "Karlsruhe"]
[Date "2018.04.01"]
[Round "6"]
[White "Philippe, Christophe"]
[Black "Hirneise, Tobias"]
[Result "0-1"]
[WhiteElo "2383"]
[BlackElo "2463"]
[PlyCount "217"]
[EventDate "2018.03.29"]
[EventType "swiss"]
[EventRounds "9"]
[EventCountry "GER"]
[SourceTitle "CBM 183 Extra"]
[Source "ChessBase"]
[SourceDate "2018.04.19"]
[SourceVersion "1"]
[SourceVersionDate "2018.04.19"]
[SourceQuality "1"]

1. e4 e5 2. Nf3 Nc6 3. Nc3 Nf6 4. d4 exd4 5. Nxd4 Bb4 6. Nxc6 bxc6 7. Bd3 0-0 8. 0-0 d5 9. exd5 cxd5 10. Bg5 c6 11. Qf3 Bd6 12. h3 Rb8 13. Rab1 h6 14. Bf4 Re8 15. b3 Be6 16. Na4 c5 17. Bxd6 Qxd6 18. Rbd1 Bd7 19. Nc3 Bc6 20. Qg3 Qxg3 21. fxg3 Re3 22. Rf3 Re6 23. Rf2 Rbe8 24. Bb5 d4 25. Bxc6 Rxc6 26. Na4 Re3 27. Rd3 Re1+ 28. Rf1 Re2 29. Rf2 Re4 30. Nb2 Re1+ 31. Kh2 Rb1 32. Nc4 Re6 33. g4 Ree1 34. Nd6 h5 35. Kg3 hxg4 36. hxg4 Re6 37. g5 Nh5+ 38. Kg4 g6 39. Nc4 Re4+ 40. Kf3 Rf4+ 41. Ke2 Rc1 42. Rd2 Rxf2+ 43. Kxf2 Nf4 44. Nd6 Ne6 45. Ne4 Kf8 46. Re2 Nf4 47. Rd2 Ne6 48. Re2 Ra1 49. a4 c4 50. bxc4 Rxa4 51. c5 Rc4 52. Ke1 Kg7 53. Kd2 Nxc5 54. Nd6 Rb4 55. Re7 a5 56. Rxf7+ Kg8 57. Ra7 Rb2 58. Kc1 Ra2 59. Kb1 Ra4 60. Kb2 Rb4+ 61. Ka3 Ra4+ 62. Kb2 Rb4+ 63. Ka3 Ra4+ 64. Kb2 d3 65. cxd3 Nxd3+ 66. Kc3 Nf4 67. Kb3 Rb4+ 68. Ka3 Rd4 69. Ne8 Nxg2 70. Nf6+ Kf8 71. Rxa5 Kf7 72. Ra6 Nf4 73. Nh7 Nh3 74. Ra7+ Ke6 75. Nf8+ Kf5 76. Ra5+ Kg4 77. Nxg6 Nxg5 78. Ne5+ Kf4 79. Nc6 Rd3+ 80. Kb2 Ne4 81. Ra4 Rd6 82. Nb4 Kf3 83. Nc2 Rb6+ 84. Rb4 Ra6 85. Kc1 Nf2 86. Kb2 Nd3+ 87. Kc3 Nxb4 88. Nxb4 Ra8 89. Kd4 Rb8 90. Nd5 Rd8 91. Ke5 Ke2 92. Nf6 Ra8 93. Ne4 Re8+ 94. Kd5 Rd8+ 95. Kc4 Ke3 96. Nc5 Rc8 97. Kd5 Ra8 98. Ne6 Ra5+ 99. Kc4 Re5 100. Nc5 Re7 101. Nb3 Ke4 102. Kc5 Rc7+ 103. Kd6 Rh7 104. Nc5+ Ke3 105. Ne6 Kd2 106. Ke5 Kc1 107. Ke4 Kb2 108. Kd5 Ka1 109. Ke5 0-1

[Event "BL2-Sued 1718"]
[Site "Germany"]
[Date "2018.02.25"]
[Round "10.3"]
[White "Tazbir, Marcin"]
[Black "Hirneise, Tobias"]
[Result "1-0"]
[WhiteElo "2513"]
[BlackElo "2459"]
[PlyCount "95"]
[EventDate "2017.10.21"]
[EventType "team-tourn"]
[EventRounds "10"]
[EventCountry "GER"]
[SourceTitle "CBM 183 Extra"]
[Source "ChessBase"]
[SourceDate "2018.04.19"]
[SourceVersion "1"]
[SourceVersionDate "2018.04.19"]
[SourceQuality "1"]
[WhiteTeam "Griesheim"]
[BlackTeam "Schoenaich"]
[WhiteTeamCountry "GER"]
[BlackTeamCountry "GER"]

1. Nf3 d5 2. g3 c5 3. Bg2 Nc6 4. 0-0 e6 5. c4 dxc4 6. Na3 Nf6 7. Nxc4 Be7 8. b3 0-0 9. Bb2 Qc7 10. Nfe5 Bd7 11. Nxd7 Qxd7 12. d3 Rac8 13. Qd2 b6 14. Rac1 Rfd8 15. Rfd1 h6 16. Ne5 Nxe5 17. Bxe5 Ng4 18. Bb2 Bf6 19. Rc4 Ne5 20. Rf4 Qe7 21. Rxf6 gxf6 22. Qxh6 Ng6 23. Bb7 Rc7 24. Be4 e5 25. Bxg6 fxg6 26. Qxg6+ Qg7 27. Qe4 Qh7 28. Qf3 Rd6 29. Rc1 Qh3 30. Qa8+ Qc8 31. Qe4 Rg7 32. Rc4 Qb7 33. Qf5 Rg5 34. Qh3 Qd7 35. Qg2 Qc6 36. Re4 Rg7 37. Qf3 Qd7 38. Kg2 b5 39. h4 Ra6 40. a4 Qe6 41. axb5 Rb6 42. Rc4 Rxb5 43. Ba3 Rxb3 44. Bxc5 f5 45. Qa8+ Kh7 46. Be3 Qf7 47. Rc5 Qh5 48. Rc8 1-0

[Event "Lorca op 6th"]
[Site "Lorca"]
[Date "2017.12.29"]
[Round "6"]
[White "Hirneise, Tobias"]
[Black "Lianes Garcia, Marcos"]
[Result "1/2-1/2"]
[WhiteElo "2466"]
[BlackElo "2300"]
[PlyCount "38"]
[EventDate "2017.12.26"]
[EventType "swiss"]
[EventRounds "9"]
[EventCountry "ESP"]
[SourceTitle "CBM 182 Extra"]
[Source "ChessBase"]
[SourceDate "2018.02.23"]
[SourceVersion "1"]
[SourceVersionDate "2018.02.23"]
[SourceQuality "1"]

1. d4 Nf6 2. c4 e6 3. Nf3 d5 4. Nc3 Nc6 5. cxd5 exd5 6. Bg5 Bb4 7. Rc1 h6 8. Bxf6 Qxf6 9. e3 0-0 10. a3 Bxc3+ 11. Rxc3 Qd6 12. Be2 Ne7 13. 0-0 c6 14. Ne5 Bf5 15. Qb3 Rab8 16. Rfc1 f6 17. Nf3 Bg4 18. Qc2 Bxf3 19. Bxf3 f5 1/2-1/2